000 01658nam a2200313 c 4500
003 BLK
005 20240405005400.0
008 180411b bul|||||r ||||||| ||bul||
010 _aKNG00194307000
040 _aBLK
041 _aBUL
_cBUL
080 _aПолитически партии и движения
_b329
_x(497.2)БКП
_z329(497.2)БКП
080 _aИстория на социологическите учения, школи, направления
_b316.2
_x
_z316.2
100 _aЖивков, Тодор Христов
_d1911 - 1998
_gБългарски политик, БКП. Първи секретар и генерален секретар на ЦК на БКП, председател на Министерския съвет и председател на Държавния съвет на НРБ
_9365041
139 _aЖивков, Тодор Христов
_bЖ 48
245 1 0 _aНякои актуални проблеми на социалната политика на партията
_bЛекция трета от цикъла лекции , изнесени пред слушателите и преподавателите в АОНСУ при ЦК на БКП
_cТодор Христов Живков.
257 _aBGR
260 София
_bПартиздат
_c1983
300 _a48 с.
_c21 см
380 _a3
500 _a100 110 тир.
650 4 _aБКП - социална политика
_9320607
852 _aЦб 121905
856 4 _qpdf
_u
856 4 _qpdf
_u
942 _cKNG
_n0
944 _aCR
_c24.10.2016
_k
_lCRON CRON
944 _aED
_c24.10.2016
_kПравда_Бадева
999 _c185314
_d185314